00764nam a2200241 i 450000100060000000300080000600500170001400800390003103500190007004000320008904100080012108200250012910000200015424500750017426000610024930000340031049000220034450400410036650500420040765000190044965000290046865000250049733935BD-RjUL20211209052101.0140512s1979 caua b 000 0 eng a(BD-RjUL)34027 aDLCcDLCdDLCdBD-RjULbeng aeng00a613.94bDJP V-2 19791 aDjerassi, Carl.14aThe politics of contraception /cCarl Djeraasi.nVol. II :pThe Future aStanford, Calif. :bStanford Alumni Association,cc1979. axxv, 267 p. :bill. ;c23 cm.0 aPortable Stanford aIncludes bibliographical references.0 av. 1. The present.--V. 2. The future. 0aContraception. 0aContraceptionxResearch. 0aOral contraceptives.